000 00402nam a2200133Ia 4500
003 GCL
008 140319s9999 xx 000 0 ara d
040 _aGCL /
_cGCL
082 0 4 _a320.101
_bع ن
245 1 0 _aنحو فكر عربى جديد.. الناصرية والتنمية والديمقراطية
260 _a[S.N] :
_bدار المستقبل العربى ،
_c1985
300 _a279
490 _a
999 _c31577
_d31577